Central Library OPAC University of Rajshahi

Mathematics applied to business and the social sciences / (Record no. 6737)

MARC details
000 -LEADER
fixed length control field 00842pam a2200277 i 4500
001 - CONTROL NUMBER
control field 6737
003 - CONTROL NUMBER IDENTIFIER
rucl marc code BD-RjUL
005 - DATE AND TIME OF LATEST TRANSACTION
control field 20211208234313.0
008 - FIXED-LENGTH DATA ELEMENTS--GENERAL INFORMATION
fixed length control field 140112s1980 caua 001 0 eng
020 ## - INTERNATIONAL STANDARD BOOK NUMBER
International Standard Book Number 0534007546
035 ## - SYSTEM CONTROL NUMBER
System control number (BD-RjUL)6778
040 ## - CATALOGING SOURCE
Original cataloging agency DLC
Transcribing agency DLC
Modifying agency DLC
-- BD-RjUL
Language of cataloging eng
041 ## - LANGUAGE CODE
Language code of text/sound track or separate title eng
082 00 - DEWEY DECIMAL CLASSIFICATION NUMBER
Classification number 658.00151
Author mark and year BRM 1980
100 1# - MAIN ENTRY--PERSONAL NAME
Personal name Brown, Robert F.,
Dates associated with a name 1935-
9 (RLIN) 21192
245 10 - TITLE STATEMENT
Title Mathematics applied to business and the social sciences /
Statement of responsibility, etc. Robert F. Brown, Brenda W. Brown.
260 ## - PUBLICATION, DISTRIBUTION, ETC. (IMPRINT)
Place of publication, distribution, etc. Belmont, Calif. :
Name of publisher, distributor, etc. Wadsworth Pub. Co.,
Date of publication, distribution, etc. c1980.
300 ## - PHYSICAL DESCRIPTION
Pagination xi, 628 p. :
Illustrations ill. ;
Size 25 cm.
504 ## - BIBLIOGRAPHY, ETC. NOTE
Bibliography, etc Includes index.
650 #0 - SUBJECT ADDED ENTRY--TOPICAL TERM
Topical term or geographic name as entry element Business mathematics.
9 (RLIN) 9732
Topical term or geographic name as entry element Mathematics.
9 (RLIN) 21193
700 1# - ADDED ENTRY--PERSONAL NAME
Personal name Brown, Brenda W.,
Relator term joint author.
942 ## - ADDED ENTRY ELEMENTS (KOHA)
Source of classification or shelving scheme Dewey Decimal Classification
Koha item type Books
Holdings
Lost status Source of classification or shelving scheme Damaged status Not for loan Collection code Permanent Location Current Location Shelving location Date acquired Source of acquisition Total Checkouts Full call number Date last seen Copy number Koha item type
  Dewey Decimal Classification     Non-fiction Central Library, University of Rajshahi Central Library, University of Rajshahi   01/09/1985 Asia foundation   658.00151 BRM 1980 12/01/2014 C-5 Books